ბათუმის შოთა რუსთაველის სახელმწიფო უნივერსიტეტის ბიბლიოთეკა

Исследования по теории гомологий (экстраординарные теории) (ბიბ.ჩანაწერი № 38843)

000 -LEADER
fixed length control field 00626nam a2200205Ia 4500
001 - CONTROL NUMBER
control field 5253
003 - CONTROL NUMBER IDENTIFIER
control field GE_BSU
008 - FIXED-LENGTH DATA ELEMENTS--GENERAL INFORMATION
fixed length control field 181216s||||||||xx |||||||||||||| ||und||
040 ## - CATALOGING SOURCE
Transcribing agency GE_BSU
080 ## - UNIVERSAL DECIMAL CLASSIFICATION NUMBER
Universal Decimal Classification number 515.143
100 ## - MAIN ENTRY--PERSONAL NAME
Personal name Баладзе, Д.О.
245 ## - TITLE STATEMENT
Title Исследования по теории гомологий (экстраординарные теории)
245 ## - TITLE STATEMENT
Statement of responsibility, etc. Ред. В. Г. Болтянский
260 ## - PUBLICATION, DISTRIBUTION, ETC.
Place of publication, distribution, etc. Тбилиси
260 ## - PUBLICATION, DISTRIBUTION, ETC.
Name of publisher, distributor, etc. Ганатлеба.
260 ## - PUBLICATION, DISTRIBUTION, ETC.
Date of publication, distribution, etc. 1984
300 ## - PHYSICAL DESCRIPTION
Extent 208 с. 22см.
653 ## - INDEX TERM--UNCONTROLLED
Uncontrolled term Исследования по теории гомологий
942 ## - ADDED ENTRY ELEMENTS (KOHA)
Koha item type წიგნი
ეგზემპლარები
Withdrawn status Lost status Damaged status Not for loan Date acquired Barcode Date last seen Price effective from Koha item type
        2018-12-17 16223 2018-12-17 2018-12-17 წიგნი